000 00648nam a22002297a 4500
005 20141219114051.0
008 141219b xxu||||| |||| 00| 0 eng d
020 _a0394320883
040 _aLoreto College
041 _aEnglish
082 _a551.4
_bMUL
100 _aMuller, Robert A.
245 _aPhysical geography today
_bA portrait of a planet
_cRobert A. Muller and Theodore M. Oberlander
250 _a2nd ed.
260 _aToronto
_bRandom House
_c1978
300 _axi, 590p.
_b25cm.
504 _aIncludes index and credits.
650 _aGeography
700 _4Auth
_aOberlander, Theodore M.
850 _aLCLIB
942 _cBK
999 _c39736
_d90215